| 000 | 00799nam a2200253 a 4500 | ||
|---|---|---|---|
| 999 |
_c9371 _d9371 |
||
| 001 | 9371 | ||
| 003 | BD-JhCC | ||
| 005 | 20180521101512.0 | ||
| 008 | 180313r19772000US a|||| |||| 000 0 eng d | ||
| 020 | _a052128354X | ||
| 035 | _a(BD-JhCC)9371 | ||
| 040 |
_aBD-JhCC _dBD-JhCC |
||
| 041 | _aeng | ||
| 082 |
_22 _a428.1 _bBAK 2000 |
||
| 100 | _a Baker, Ann | ||
| 245 |
_aShip or Sheep ? _bAn intermediate pronunciation course / _cAnn Baker |
||
| 250 | _a2nd edu. | ||
| 260 |
_aNew York : _bThe Press Syndicate of the University of Cambridge, _c2000. |
||
| 300 |
_a168 p.: _bill ; _c20 cm. |
||
| 520 | _aThis book will train students to recognise and produce English sounds, and includes work on stress and intonation. | ||
| 650 | _aEnglish Language | ||
| 942 |
_2ddc _cBK |
||